| 000 | 01519nam a22003977a 4500 | ||
|---|---|---|---|
| 003 | CHAP | ||
| 005 | 20220329143334.0 | ||
| 008 | 080930s2008 mx a r 00010 spa d | ||
| 010 | _a95187 | ||
| 011 | _a96159 | ||
| 035 | _a106805 | ||
| 040 | _cCHAP | ||
| 090 | _aTesis | ||
| 100 | 1 |
_aGonzález Martínez, Herenoldo. _949149 |
|
| 245 | 1 | 0 |
_aEstudio comparativo del aserrío de encino y pino en el aserradero comunal de Capulalpam de Méndez, Oax. _c/por Herenoldo González Martínez |
| 260 |
_aChapingo, Méx. : _bEl autor, _c2008 |
||
| 300 |
_axiii, 67 h. : _bilus. |
||
| 502 | _aTesis (Ing. Forestal Industrial) -- UACH. División de Ciencias Forestales | ||
| 530 | _aTambién disponible en línea | ||
| 590 |
_aALEPH _b10 _c20130110 _lUCH01 _h1524 |
||
| 590 |
_aBATCH-UPD _b10 _c20130110 _lUCH01 _h0701 |
||
| 590 |
_aBATCH-UPD _b10 _c20130410 _lUCH01 _h0346 |
||
| 590 |
_aBATCH-UPD _b10 _c20130914 _lUCH01 _h0418 |
||
| 590 |
_aBATCH-UPD _b10 _c20140324 _lUCH01 _h1507 |
||
| 590 |
_aBATCH-UPD _b10 _c20141002 _lUCH01 _h0837 |
||
| 590 |
_aCONVERSION _b10 _c20130109 _lUCH01 _h1353 |
||
| 650 | 0 | 4 |
_aAserraderos. _97892 |
| 650 | 0 | 4 |
_aMadera aserrada. _969637 |
| 650 | 0 | 4 |
_aPináceas _xOaxaca _zOaxaca. _9175498 |
| 650 | 0 | 4 |
_aQuercus (madera) _993182 |
| 856 |
_3Finding aid _uhttp://10.13.5.2/tesis/106805.pdf _zTeclea aqui |
||
| 901 | _aBK | ||
| 942 | _cFOLL | ||
| 949 |
_aTesis _bBC _cTES _d33724002073975 _eTS1 _gDonaciØn _h48194 _i106805 _sb |
||
| 949 |
_aTesis _bBC _cTES _d33724002074017 _eTS2 _fc.2 _gDonaciØn _h48195 _i106805 _sb |
||
| 999 |
_c95187 _d95187 |
||